Liechtensteińskie gminy - Statystyki

Ogólne statystyki
  • Ten quiz został rozwiązany 9 razy
  • Średni wynik to 8 z 11
Statystyki odpowiedzi
Gminy % Poprawnych
Vaduz
100%
Schaan
89%
Balzers
67%
Eschen
67%
Mauren
67%
Planken
67%
Ruggell
67%
Triesen
67%
Triesenberg
67%
Gamprin
56%
Schellenberg
56%
Nie znaleziono quizów pasujących do podanych kryteriów
Rozkład punktacji
Procent ludzi z każdym wynikiem
Percentyl według liczby udzielonych odpowiedzi
Twoja historia wyników
Nie rozwiązałeś tego quizu